After death; (Record no. 5117)

MARC details
000 -LEADER
fixed length control field 00572cam a2200217u 4500
001 - CONTROL NUMBER
control field 7065448
003 - CONTROL NUMBER IDENTIFIER
control field GBCCL
005 - DATE AND TIME OF LATEST TRANSACTION
control field 20241126110534.0
008 - FIXED-LENGTH DATA ELEMENTS--GENERAL INFORMATION
fixed length control field 810213s1965 pau 000 0 eng
010 ## -
-- 66010324
040 ## - CATALOGING SOURCE
Original cataloging agency DLC
Transcribing agency CarP
Modifying agency DLC
050 00 -
-- BT902
-- .M67
082 ## - DEWEY DECIMAL CLASSIFICATION NUMBER
Classification number 236.2
Item number MOT
100 1# - MAIN ENTRY--PERSONAL NAME
Personal name Motyer, J. A. [from old catalog]
9 (RLIN) 9242
245 10 - TITLE STATEMENT
Title After death;
260 ## - PUBLICATION, DISTRIBUTION, ETC.
Place of publication, distribution, etc. Philadelphia,
Name of publisher, distributor, etc. Westminster Press
Date of publication, distribution, etc. [c1965]
300 ## - PHYSICAL DESCRIPTION
Extent p. cm.
650 #0 - SUBJECT ADDED ENTRY--TOPICAL TERM
Topical term or geographic name entry element Future life.
9 (RLIN) 2016
906 ## - LOCAL DATA ELEMENT F, LDF (RLIN)
a 0
b cbc
c premunv
d u
e ncip
f 19
g y-gencatlg
942 ## - ADDED ENTRY ELEMENTS (KOHA)
Source of classification or shelving scheme Dewey Decimal Classification
Koha item type Books
Koha issues (borrowed), all copies 4
Holdings
Withdrawn status Lost status Source of classification or shelving scheme Damaged status Not for loan Home library Current Library Shelving location Date acquired Total checkouts Full call number Barcode Date last seen Date last checked out Copy number Price effective from Koha item type
    Dewey Decimal Classification     GRACE BIBLE COLLEGE GRACE BIBLE COLLEGE Theology 2018-02-27 5 236.2 MOT 002433 2026-03-11 2026-03-10 c.1 2018-02-27 Books
© Grace Bible College Library 2025